Responsible Business: a Framework For Real Estate Management (Record no. 121406)
[ view plain ]
| 000 -LEADER | |
|---|---|
| fixed length control field | 01234nam a22002537a 4500 |
| 001 - CONTROL NUMBER | |
| control field | 121406 |
| 008 - FIXED-LENGTH DATA ELEMENTS--GENERAL INFORMATION | |
| fixed length control field | 230323s2021 xxk|||||o|||| 00| 0 eng d |
| 020 ## - INTERNATIONAL STANDARD BOOK NUMBER | |
| ISBN | 9781783214501 |
| 041 ## - LANGUAGE CODE | |
| Language code of text/sound track or separate title | eng |
| 110 ## - MAIN ENTRY--CORPORATE NAME | |
| Corporate author | Royal Institution of Chartered Surveyors |
| 245 ## - TITLE STATEMENT | |
| Title | Responsible Business: a Framework For Real Estate Management |
| Medium | [Electronic resource] |
| 250 ## - EDITION | |
| Edition statement | 1st |
| 260 ## - PUBLICATION INFORMATION | |
| Place of publication | London, |
| Publisher | Royal Institution of Chartered Surveyors, |
| Date | December 2021 |
| 300 ## - PHYSICAL DESCRIPTION | |
| Physical description | 57p. |
| 490 ## - SERIES TITLE | |
| Series statement | RICS Framework |
| 520 ## - ABSTRACT | |
| Abstract | Following on from the RICS Responsible Business Report, published in March 2019, this RICS Responsible Business Framework will help create a level-playing field for RICS members and firms to encourage their clients to adopt sustainable solutions that minimise harm and deliver balanced economic, social and environmental benefits. |
| 650 ## - KEYWORDS | |
| Keywords | RESPONSIBLE BUSINESS |
| 651 ## - SUBJECT ADDED ENTRY--GEOGRAPHIC NAME | |
| Geographic name | International |
| 690 ## - BROAD SUBJECT | |
| 9 (RLIN) | 6262 |
| Broad subject | Property management |
| 700 ## - ADDED PERSONAL NAME | |
| Added personal author | Higham, Phil |
| 710 ## - ADDED CORPORATE NAME | |
| Added corporate author | Royal Institution of Chartered Surveyors |
| 856 ## - ONLINE RESOURCE | |
| Uniform Resource Identifier | <a href="https://www.rics.org/profession-standards/rics-standards-and-guidance/sector-standards/real-estate-standards/responsible-business-framework">https://www.rics.org/profession-standards/rics-standards-and-guidance/sector-standards/real-estate-standards/responsible-business-framework</a> |
| Public note | Available free on RICS.org |
| 942 ## - ADDED ENTRY ELEMENTS (KOHA) | |
| Suppress in OPAC | Do not suppress in OPAC |
| Lost status | Damaged status | Not for loan | Current library | Shelving location | Date acquired | Total Checkouts | Date last seen | Price effective from | Koha item type |
|---|---|---|---|---|---|---|---|---|---|
| Virtual | Online | 23/03/2023 | 22/03/2023 | 23/03/2023 | Online material |